Graniczące państwa według podpowiedzi #2 - Statystyki

Ogólne statystyki
  • Ten quiz został rozwiązany 4 061 razy
  • Średni wynik to 16 z 20
Statystyki odpowiedzi
Podpowiedź Państwo % Poprawnych
Jego najpopularniejsza katedra spłonęła w 2019 roku. Francja
89%
Żył tam Mozart. Austria
88%
Jest rządzone przez kanclerza. Niemcy
88%
Jednym z jego regionów jest Transylwania. Rumunia
87%
Jego stolicą jest Katmandu. Nepal
85%
Jest największym państwem w Afryce. Algieria
84%
Jest największym państwem śródlądowym. Kazachstan
84%
Organizowało igrzyska olimpijskie w 2008 i 2022 roku. Chiny
82%
Posiada kilka małych terytoriów w Afryce. Hiszpania
82%
Jego byłe stolice to Fez i Marrakesz. Maroko
82%
Jego władca lubi judo i jazdę konno bez koszulki. Rosja
82%
Znajduje się tam miasto portowe nad Morzem Czarnym - Warna. Bułgaria
81%
Jego waluta to lira. Turcja
76%
Jego mieszkańcy są znani także jako Madziarzy. Węgry
76%
W języku angielskim ma taką samą nazwę jak stan USA. Gruzja
74%
Znajduje się tam Kilimandżaro. Tanzania
68%
Kiedyś było własnością króla Belgii. Demokratyczna Republika Konga
65%
Jego nazwa wzięła się od rzeki. Niger
64%
Jego stolicą jest Ndżamena. Czad
59%
Jego nazwa opisuje jego położenie geograficzne. Republika Środkowoafrykańska
57%
Nie znaleziono quizów pasujących do podanych kryteriów
Rozkład punktacji
Procent ludzi z każdym wynikiem
Percentyl według liczby udzielonych odpowiedzi
Twoja historia wyników
Nie rozwiązałeś tego quizu